<?xml version="1.0" encoding="UTF-8"?>
<record
    xmlns:xsi="http://www.w3.org/2001/XMLSchema-instance"
    xsi:schemaLocation="http://www.loc.gov/MARC21/slim http://www.loc.gov/standards/marcxml/schema/MARC21slim.xsd"
    xmlns="http://www.loc.gov/MARC21/slim">

  <leader>01527cam a2200181 a 4500</leader>
  <datafield tag="999" ind1=" " ind2=" ">
    <subfield code="c">1635</subfield>
    <subfield code="d">1635</subfield>
  </datafield>
  <datafield tag="020" ind1=" " ind2=" ">
    <subfield code="a">0521848059 (hardcover)</subfield>
  </datafield>
  <datafield tag="020" ind1=" " ind2=" ">
    <subfield code="a">9780521848053</subfield>
  </datafield>
  <datafield tag="050" ind1="0" ind2="0">
    <subfield code="a">HB172</subfield>
    <subfield code="b">.C14</subfield>
  </datafield>
  <datafield tag="100" ind1="1" ind2=" ">
    <subfield code="a">Cameron, Adrian Colin.</subfield>
  </datafield>
  <datafield tag="245" ind1="1" ind2="0">
    <subfield code="a">Microeconometrics :</subfield>
    <subfield code="b">methods and applications /</subfield>
    <subfield code="c">A. Colin Cameron, Pravin K. Trivedi.</subfield>
  </datafield>
  <datafield tag="260" ind1=" " ind2=" ">
    <subfield code="a">Cambridge ;</subfield>
    <subfield code="a">New York :</subfield>
    <subfield code="b">Cambridge University Press,</subfield>
    <subfield code="c">2005.</subfield>
  </datafield>
  <datafield tag="300" ind1=" " ind2=" ">
    <subfield code="a">xxii, 1034 p. :</subfield>
    <subfield code="b">ill. ;</subfield>
    <subfield code="c">27 cm.</subfield>
  </datafield>
  <datafield tag="500" ind1=" " ind2=" ">
    <subfield code="a">Includes tables.</subfield>
  </datafield>
  <datafield tag="505" ind1="0" ind2=" ">
    <subfield code="a">1. Overview -- 2. Causal and noncasual models -- 3. Microeconomic data structures -- 4. Linear models -- 5. Maximum likelihood and nonlinear least-squares estimation -- 6. Generalized method of moments and systems estimation -- 7. Hypothesis tests -- 8. Specification tests and model selection -- 9. Semiparametric methods -- 10. Numerical optimization -- 11. Bootstrap methods -- 12. Simulation-based methods -- 13. Bayesian methods -- 14. Binary outcome models -- 15. Multinomial models -- 16. Tobit and selection models -- 17. Transition data : survival analysis -- 18. Mixture models and unobserved heterogeneity -- 19. Models of multiple hazards -- 20. Models of count data -- 21. Linear panel models : basics -- 22. Linear panel models : extensions -- 23. Nonlinear panel models -- 24. Stratified and clustered samples -- 25. Treatment evaluation -- 26. Measurement error models -- 27. Missing data and imputation -- A. Asymptotic theory -- B. Making pseudo-random draws.</subfield>
  </datafield>
  <datafield tag="650" ind1=" " ind2="0">
    <subfield code="a">Microeconomics</subfield>
  </datafield>
  <datafield tag="700" ind1="1" ind2=" ">
    <subfield code="a">Trivedi, Pravin K.</subfield>
  </datafield>
  <datafield tag="942" ind1=" " ind2=" ">
    <subfield code="c">BK</subfield>
  </datafield>
  <datafield tag="952" ind1=" " ind2=" ">
    <subfield code="0">0</subfield>
    <subfield code="1">0</subfield>
    <subfield code="4">0</subfield>
    <subfield code="7">0</subfield>
    <subfield code="8">REF</subfield>
    <subfield code="a">MUCGM</subfield>
    <subfield code="b">MUCGM</subfield>
    <subfield code="c">GEN</subfield>
    <subfield code="d">0000-00-00</subfield>
    <subfield code="l">0</subfield>
    <subfield code="o">HB172 .C14</subfield>
    <subfield code="p">37908</subfield>
    <subfield code="r">2018-01-11 00:00:00</subfield>
    <subfield code="t">1</subfield>
    <subfield code="w">2018-01-11</subfield>
    <subfield code="y">BK</subfield>
  </datafield>
</record>
